Incident at the hawk's hill / . (Record no. 3218)

MARC details
000 -LEADER
fixed length control field 00635nam a22001937a 4500
001 - CONTROL NUMBER
control field 3218
003 - CONTROL NUMBER IDENTIFIER
control field FISKH
005 - DATE AND TIME OF LATEST TRANSACTION
control field 20240220114009.0
008 - FIXED-LENGTH DATA ELEMENTS--GENERAL INFORMATION
fixed length control field 240220b cb ||||| |||| 00| 0 eng d
040 ## - CATALOGING SOURCE
Original cataloging agency FISKH
Language of cataloging eng
Transcribing agency FISKH
Modifying agency FISKH
050 ## - LIBRARY OF CONGRESS CALL NUMBER
Classification number PZ7.E1978
082 ## - DEWEY DECIMAL CLASSIFICATION NUMBER
Classification number 813
100 ## - MAIN ENTRY--PERSONAL NAME
Personal name Eckert. Allan W.
Dates associated with a name 1931- 2011
245 ## - TITLE STATEMENT
Title Incident at the hawk's hill / .
Statement of responsibility, etc. By Allan W. Eckert
260 ## - PUBLICATION, DISTRIBUTION, ETC.
Place of publication, distribution, etc. London :
Name of publisher, distributor, etc. Hamish Hamilton Children's Books Ltd
Date of publication, distribution, etc. 1971
300 ## - PHYSICAL DESCRIPTION
Extent 148 pages :
Dimensions 23 cm
520 ## - SUMMARY, ETC.
Summary, etc. A shy, lonely six-year-old wanders into the Canadian prairie and spends a summer under the protection of a badger.
942 ## - ADDED ENTRY ELEMENTS (KOHA)
Source of classification or shelving scheme Dewey Decimal Classification
Koha item type Books
Suppress in OPAC No
Holdings
Withdrawn status Lost status Source of classification or shelving scheme Damaged status Not for loan Collection Home library Current library Shelving location Date acquired Total Checkouts Full call number Barcode Date last seen Price effective from Koha item type
    Dewey Decimal Classification     Fiction Footprints International School Library Network Toul Kork Campus Footprints International School Library Network Toul Kork Campus   02/20/2024   ECK 813 PZ7.E1978 2024-0086 02/20/2024 02/20/2024 Books